000 00593nam a22001577a 4500
003 OSt
005 20151007160844.0
008 151007b xxu||||| |||| 00| 0 eng d
040 _cRUA
082 _aAVM UY1997 B070 Or.1
100 _92305
_aUY, DY.
245 _aBuffalo raising as draught power in highland area of ratanakkiri province, ការចិញ្ចេឹមក្របីជាកំលាំងអូសទាញនៅតំបន់ខ្ពស់ ខេត្តរតនគិរី.
260 _aphnom phen
_bRUA
_c1997
300 _a60p.
_bill.
_c29cmm.
942 _2ddc
_cAVM
999 _c2173
_d2173